Origami: fantasías de papel
Guardat en:
| Autor principal: | |
|---|---|
| Format: | Llibre |
| Idioma: | espanyol |
| Publicat: |
Bogotá
Magisterio
1999
|
| Edició: | 3a. ed |
| Col·lecció: | Aula Alegre
|
| Matèries: | |
| Etiquetes: |
Afegir etiqueta
Sense etiquetes, Sigues el primer a etiquetar aquest registre!
|
MARC
| LEADER | 00000nam a2200000 a 4500 | ||
|---|---|---|---|
| 001 | UCM9430 | ||
| 003 | CL-VaPUC | ||
| 008 | 030425e19990000CK |||||||||||||||||spa|d | ||
| 082 | 0 | 4 | |a 736.982 |b POR |2 21 |
| 100 | 0 | |a Porras Báez, Elizabeth |e author |9 475955 | |
| 245 | 1 | 0 | |a Origami: fantasías de papel |
| 250 | |a 3a. ed | ||
| 300 | |a 92 p | ||
| 942 | |c BK | ||
| 945 | |d 20030425 00:00:00 |a cmena | ||
| 260 | |a Bogotá |b Magisterio |c 1999 | ||
| 650 | 0 | |a Origami |9 310849 | |
| 650 | 7 | |a TRABAJOS CON PAPEL |2 CL-VaPUC |9 307528 | |
| 650 | 7 | |a PAPIROFLEXIA |2 CL-VaPUC |9 310848 | |
| 650 | 0 | |a Aptitud creadora |9 307292 | |
| 583 | |a last modification |c 20160105 02:02:08 |k Rodrigo Vera | ||
| 490 | 0 | |a Aula Alegre | |
| 999 | |c 303699 |d 303697 | ||
| 952 | |0 0 |1 0 |4 0 |6 736_982000000000000_POR_1999 |7 0 |8 A |9 365192 |a BIBEDU |b BIBEDU |d 2019-11-21 |i 3898350 |o 736.982 POR 1999 |p 3898350 |r 2019-11-21 |w 2019-11-21 |y BK |k EPE | ||